Normal view
MARC view
- Advisor Dr. Farooque Azam
Entry Personal Name
001 - CONTROL NUMBER
- control field: 69412
003 - CONTROL NUMBER IDENTIFIER
- control field: NUST
005 - DATE AND TIME OF LATEST TRANSACTION
- control field: 20210628204227.0
008 - FIXED-LENGTH DATA ELEMENTS
- fixed length control field: 210628|| aca||aabn | a|a d
040 ## - CATALOGING SOURCE
- Original cataloging agency: NUST
- Transcribing agency: NUST
100 ## - HEADING--PERSONAL NAME
- Personal name: Advisor Dr. Farooque Azam
670 ## - SOURCE DATA FOUND
- Source citation: Work cat.: (NUST): Aamir Naeem 69410, TH-SOF-1576-Formal Verification Approach to Verify System Designs by Utilizing Model Driven Software Engineering (MDSE), 2018
